| 000 | 00810cam a2200241 4500 | ||
|---|---|---|---|
| 001 | ABS61656 | ||
| 008 | 000000n1999 000 0 eng u | ||
| 035 | _a(Sirsi) u103359 | ||
| 100 | _aWorthing, D. | ||
| 245 | _aIssues arising from computer-based recording of heritage sites | ||
| 260 | _c1999 | ||
| 490 |
_aStructural Survey _v 17(4) 1999, 200-210(11) |
||
| 520 | _aConsiders the value of using computer models to store, manage and illustrate records of historic buildings. (Taken from journal abstract.) | ||
| 590 | _aABS | ||
| 650 | _aCOMPUTER MODELLING | ||
| 650 | _aHISTORIC BUILDINGS | ||
| 650 | _aLISTED BUILDINGS | ||
| 650 | _aGIS | ||
| 650 | _aGIS | ||
| 690 | _aBUILT ENVIRONMENT-BUILDING MAINTENANCE AND REFURBISHMENT-BUILDING CONSERVATION | ||
| 700 | _aCounsell, J. | ||
| 942 | _n0 | ||
| 999 |
_c62119 _d62119 |
||